000 00557nam a2200229Ia 4500
003 OSt
005 20220924143305.0
006 a|||||r|||| 00| 0
007 ta
008 220923b |||||||| |||| 00| 0 urd d
024 _a307600
037 _cTextual
040 _aARTS
_cARTS
_burd
041 _2urd
_aurd
082 _aL, 168w1F1
100 _aNishar Ali
_9215304
245 0 _aRisala - e - philosopher
260 _c1921
650 _aMEDICINE
_94387
942 _hL, 168w1F1
_cTEXL
_2CC
999 _c453930
_d453930